Domestic revolutions : a social history of American family life /

Bibliographic Details
Main Author: Mintz, Steven, 1953-
Other Authors: Kellogg, Susan
Format: Book
Language:English
Published: New York : London : Free Press ; Collier Macmillan, [1988]
Subjects:

MARC

Tag First Indicator Second Indicator Subfields
LEADER 00000cam a2200000 a 4500
001 in00000023753
005 20151007054321.0
008 870929s1988 nyuaf b 00110 eng
010 |a  87027551  
020 |a 0029212901 
035 |a (OCoLC)16871808 
035 |9 AAB4671AM 
040 |a DLC  |c DLC  |d TXA  |d UtOrBLW 
043 |a n-us--- 
049 |a TXAM  |c [A11501707] 
050 0 0 |a HQ535  |b .M46 1988 
082 0 |a 306.8/5/0973  |2 19 
100 1 |a Mintz, Steven,  |d 1953- 
245 1 0 |a Domestic revolutions :  |b a social history of American family life /  |c Steven Mintz and Susan Kellogg. 
264 1 |a New York :  |b Free Press ;  |a London :  |b Collier Macmillan,  |c [1988] 
264 4 |c ©1988 
300 |a xx, 316 pages, 17 unnumbered pages of plates :  |b illustrations ;  |c 25 cm. 
336 |a text  |b txt  |2 rdacontent 
337 |a unmediated  |b n  |2 rdamedia 
338 |a volume  |b nc  |2 rdacarrier 
504 |a Bibliography: pages 253-307. 
500 |a Includes index. 
650 0 |a Families  |z United States  |x History. 
651 0 |a United States  |x Social conditions  |y To 1865. 
651 0 |a United States  |x Social conditions  |y 1865-1918. 
651 0 |a United States  |x Social conditions  |y 20th century. 
700 1 |a Kellogg, Susan. 
999 |a MARS 
999 f f |s f1681df4-5a6d-3d74-a4ec-e7bcdff54efa  |i b38d7007-5ca0-31c4-a65b-2843d74b4ea1  |t 0 
952 f f |p ric  |a Texas A&M University  |b Rellis Campus  |c Joint Library Facility  |s JLF  |d Remote Storage  |t 0  |e HQ535 .M46 1988  |h Library of Congress classification  |i unmediated -- volume  |m A14811501707 
998 f f |a HQ535 .M46 1988  |t 0  |l Remote Storage